<?xml version="1.0" encoding="UTF-8"?>
<record
    xmlns:xsi="http://www.w3.org/2001/XMLSchema-instance"
    xsi:schemaLocation="http://www.loc.gov/MARC21/slim http://www.loc.gov/standards/marcxml/schema/MARC21slim.xsd"
    xmlns="http://www.loc.gov/MARC21/slim">

  <leader>01281nam a2200313 i 4500</leader>
  <controlfield tag="003">EG-GICUC</controlfield>
  <controlfield tag="005">20260508171721.0</controlfield>
  <controlfield tag="008">260508s1951    Iq  |||fr|||| 00| 0 Ara d</controlfield>
  <datafield tag="040" ind1=" " ind2=" ">
    <subfield code="a"> EG-GICUC</subfield>
    <subfield code="b">ara</subfield>
    <subfield code="c"> EG-GICUC</subfield>
    <subfield code="d"> EG-GICUC</subfield>
    <subfield code="e">rda</subfield>
  </datafield>
  <datafield tag="041" ind1="0" ind2=" ">
    <subfield code="a">Ara </subfield>
  </datafield>
  <datafield tag="082" ind1="0" ind2="4">
    <subfield code="2">21</subfield>
    <subfield code="a">343.37</subfield>
    <subfield code="b">&#x642; &#x627;</subfield>
  </datafield>
  <datafield tag="092" ind1="0" ind2="4">
    <subfield code="2">21</subfield>
  </datafield>
  <datafield tag="099" ind1=" " ind2=" ">
    <subfield code="a">Law1 10 343.37 &#x642; &#x627; 1951</subfield>
  </datafield>
  <datafield tag="245" ind1="0" ind2="0">
    <subfield code="a"> &#x642;&#x627;&#x646;&#x648;&#x646; &#x623;&#x635;&#x648;&#x644; &#x627;&#x644;&#x645;&#x62D;&#x627;&#x643;&#x645;&#x627;&#x62A; &#x627;&#x644;&#x62C;&#x632;&#x627;&#x626;&#x64A;&#x629; &#x645;&#x631;&#x62F;  &#x627;&#x644;&#x628;&#x63A;&#x62F;&#x627;&#x62F;&#x64A;  &#x648; &#x62A;&#x639;&#x62F;&#x6CC;&#x644;&#x627;&#x62A;&#x647; &#x648; &#x630;&#x64A;&#x648;&#x644;&#x647; &#x648;&#x627;&#x644;&#x62A;&#x639;&#x644;&#x64A;&#x645;&#x627;&#x62A; &#x648;&#x627;&#x644;&#x623;&#x648;&#x627;&#x645;&#x631; &#x648;&#x627;&#x644;&#x645;&#x646;&#x627;&#x634;&#x64A;&#x631; &#x648;&#x627;&#x644;&#x62A;&#x639;&#x627;&#x645;&#x64A;&#x645; &#x627;&#x644;&#x635;&#x627;&#x62F;&#x631;&#x629; &#x628;&#x634;&#x627;&#x646;&#x647;  &#x645;&#x646; &#x648;&#x632;&#x627;&#x631;&#x629; &#x627;&#x644;&#x639;&#x62F;&#x644;&#x64A;&#x629; &#x648;&#x645;&#x62D;&#x643;&#x645;&#x629; &#x627;&#x644;&#x62A;&#x645;&#x64A;&#x64A;&#x632; &#x62D;&#x62A;&#x649; &#x633;&#x646;&#x629; &#x661;&#x669;&#x665;&#x661;</subfield>
  </datafield>
  <datafield tag="264" ind1=" " ind2="1">
    <subfield code="a">&#x628;&#x63A;&#x62F;&#x627;&#x62F; :</subfield>
    <subfield code="b">&#x645;&#x637;&#x628;&#x639;&#x629; &#x627;&#x644;&#x646;&#x62C;&#x627;&#x62D;&#x60C;</subfield>
    <subfield code="c">1951.</subfield>
  </datafield>
  <datafield tag="300" ind1=" " ind2=" ">
    <subfield code="a">268 &#x61B;&#x635;&#x641;&#x62D;&#x629;</subfield>
    <subfield code="c">24 &#x633;&#x645;.</subfield>
  </datafield>
  <datafield tag="336" ind1=" " ind2=" ">
    <subfield code="2">rda content</subfield>
    <subfield code="a">text</subfield>
  </datafield>
  <datafield tag="337" ind1=" " ind2=" ">
    <subfield code="2">rda media</subfield>
    <subfield code="a">Computer</subfield>
  </datafield>
  <datafield tag="338" ind1=" " ind2=" ">
    <subfield code="2">rda carrier</subfield>
    <subfield code="a">Online Resource</subfield>
  </datafield>
  <datafield tag="490" ind1=" " ind2=" ">
    <subfield code="a">&#x633;&#x644;&#x633;&#x644;&#x629; &#x645;&#x643;&#x62A;&#x628;&#x629; &#x627;&#x644;&#x645;&#x62D;&#x627;&#x645;&#x649;&#x61B;</subfield>
    <subfield code="v">3</subfield>
  </datafield>
  <datafield tag="500" ind1=" " ind2=" ">
    <subfield code="a">&#x627;&#x647;&#x62F;&#x627;&#x621; &#x645;&#x646; &#x62D;&#x633;&#x646; &#x639;&#x644;&#x649; </subfield>
  </datafield>
  <datafield tag="546" ind1=" " ind2=" ">
    <subfield code="a">&#x627;&#x644;&#x646;&#x635; &#x628;&#x627;&#x644;&#x644;&#x63A;&#x629; &#x627;&#x644;&#x639;&#x631;&#x628;&#x64A;&#x629;</subfield>
  </datafield>
  <datafield tag="650" ind1="1" ind2=" ">
    <subfield code="a">&#x627;&#x644;&#x645;&#x62D;&#x627;&#x643;&#x645;&#x629; &#x627;&#x644;&#x62C;&#x646;&#x627;&#x626;&#x64A;&#x629; </subfield>
    <subfield code="2">qrmak</subfield>
  </datafield>
  <datafield tag="650" ind1="1" ind2=" ">
    <subfield code="a">&#x627;&#x644;&#x642;&#x627;&#x646;&#x648;&#x646; &#x627;&#x644;&#x62C;&#x646;&#x627;&#x626;&#x649; </subfield>
    <subfield code="2">qrmak </subfield>
  </datafield>
  <datafield tag="651" ind1="1" ind2=" ">
    <subfield code="2">qrmak</subfield>
  </datafield>
  <datafield tag="856" ind1="4" ind2="0">
    <subfield code="u">https://fll.law.cu.edu.eg/fulltext/bks/B10-05649.pdf</subfield>
  </datafield>
  <datafield tag="905" ind1=" " ind2=" ">
    <subfield code="a">54</subfield>
  </datafield>
  <datafield tag="942" ind1=" " ind2=" ">
    <subfield code="2">ddc</subfield>
    <subfield code="c">BK</subfield>
    <subfield code="e">21</subfield>
    <subfield code="n">0</subfield>
  </datafield>
  <datafield tag="999" ind1=" " ind2=" ">
    <subfield code="c">76304</subfield>
    <subfield code="d">76304</subfield>
  </datafield>
  <datafield tag="952" ind1=" " ind2=" ">
    <subfield code="0">0</subfield>
    <subfield code="1">0</subfield>
    <subfield code="2">ddc</subfield>
    <subfield code="4">0</subfield>
    <subfield code="7">1</subfield>
    <subfield code="8">&#x627;&#x644;&#x642;&#x627;&#x646;&#x648;&#x646; &#x627;&#x644;&#x62C;&#x646;&#x627;&#x626;&#x64A;</subfield>
    <subfield code="a">CU</subfield>
    <subfield code="b">LAW1</subfield>
    <subfield code="d">2026-05-08</subfield>
    <subfield code="l">0</subfield>
    <subfield code="o">Law1 10 343.37 &#x642; &#x627; 1951 1005649 C1</subfield>
    <subfield code="p">B10-05649</subfield>
    <subfield code="r">2026-05-08 17:18:04</subfield>
    <subfield code="t">1</subfield>
    <subfield code="w">2026-05-08</subfield>
    <subfield code="y">BK</subfield>
  </datafield>
</record>
